Odnikadiaľ nikam vláda má pre životné prostredie minimálny program

Bibliographic Details
Main Authors: Ivaničková, Margita, 1953- (ain), Zlocha, Ivan (Author, uin)
Format: Article
Language:Slovak
PhysicalDescription:Fotogr.
Subjects:

MARC

LEADER 00000nab a2200000 a 4500
001 vtls000686274
003 SK-MaSNL
005 20260302195506.0
008 180206c1999 xo 0 slo
015 |a SNBRB1999/03-06430 
035 |a CLN000038441 
040 |a SNKBUCL  |b slo  |c SNKBUCL  |e AACR2 
041 0 |a slo 
044 |a xo  |c SK 
080 |a 354.46(437.6)  |2 UDC-MRF-SK2 
100 1 |a Ivaničková, Margita,  |d 1953-  |4 ain  |9 105315 
245 1 0 |a Odnikadiaľ nikam  |b vláda má pre životné prostredie minimálny program  |c Margita Ivaničková, Jozef Zlocha 
300 |b Fotogr. 
610 1 7 |a Slovensko.  |b Ministerstvo životného prostredia  |2 snkbucl  |9 250390 
655 7 |a články z novín a časopisov  |2 snkbucl  |9 267496 
700 1 |a Zlocha, Ivan  |4 aut  |4 uin  |9 917068 
773 0 |t Slovenská republika  |g Roč. 7, č. 56 (9.3.1999), s. 3 
850 |a Slovenská národná knižnica v Martine 
852 |a SNK  |b KIS3GCP 
958 |a RBX 
999 |c 1452894  |d 1454824